Statistics for Languages of Croatia Quiz (with map)

Click here to take the quiz!

General Stats

  • This quiz has been taken 1,184 times
  • The average score is 7 of 11

Answers on the Map

Answers color-coded by a green-red scale on the quiz's map according to % correct below.
 

Answer Stats

Answer% Correct
Kajkavian Croatian
99%
Serbian
98%
Shtokavian Croatian
98%
Čakavian Croatian
97%
Italian (Venetian)
94%
Hungarian
90%
Slovak
47%
Czech
43%
Pannonian Rusyn
22%
Istro-Romanian
18%
Istriot
17%

Score Distribution

Percentile by Number Answered

Percent of People with Each Score

Your Score History

You have not taken this quiz